Joueurs de Ligue 1 à la Coupe du Monde 2022 - Statistiques

Statistiques générales
  • Ce quiz a été pris 1 077 fois
  • Le résultat moyen est 29 sur 56
Statistiques - réponses
Pays Club Joueur % Correct
Argentine Paris SG Lionel Messi
94%
Brésil Paris SG Neymar
93%
France Paris SG Kylian Mbappé
92%
Brésil Paris SG Marquinhos
90%
Costa Rica Paris SG Keylor Navas
87%
Maroc Paris SG Achraf Hakimi
84%
Argentine Lyon Nicolas Tagliafico
84%
Canada Lille Jonathan David
83%
France Marseille Mattéo Guendouzi
78%
Belgique Rennes Jérémy Doku
77%
France Marseille Jordan Veretout
77%
Portugal Paris SG Nuno Mendes
75%
France Monaco Youssouf Fofana
75%
Espagne Paris SG Carlos Soler
73%
Belgique Lens Loïs Openda
72%
France Rennes Steve Mandanda
71%
France Monaco Axel Disasi
68%
Portugal Paris SG Danilo Pereira
68%
Portugal Paris SG Vitinha
68%
Etats-Unis Lille Timothy Weah
67%
Croatie Rennes Lovro Majer
65%
Japon Reims Junya Ito
63%
Cameroun Lyon Karl Toko Ekambi
62%
Maroc Marseille Amine Harit
61%
Japon Monaco Takumi Minamino
61%
Pays de Galles Nice Aaron Ramsey
60%
Belgique Rennes Arthur Theate
60%
Danemark Nice Kasper Schmeichel
59%
Tunisie Montpellier Wahbi Khazri
59%
Pologne Lens Przemyslaw Frankowski
56%
Maroc Angers Azzeddine Ounahi
55%
Maroc Angers Sofiane Boufal
55%
Espagne Paris SG Pablo Sarabia
53%
Suisse Monaco Breel Embolo
47%
Sénégal Marseille Bamba Dieng
42%
Sénégal Marseille Pape Gueye
42%
Sénégal Monaco Krépin Diatta
39%
Cameroun Nantes Jean-Charles Castelletto
33%
Maroc Toulouse Zakaria Aboukhlal
32%
Ghana Lens Salis Abdul Samed
30%
Japon Strasbourg Eiji Kawashima
29%
Pays de Galles Rennes Joe Rodon
29%
Suisse Montpellier Jonas Omlin
29%
Ghana Rennes Kamaldeen Sulemana
29%
Tunisie Lorient Montassar Talbi
24%
Ghana Strasbourg Alexander Djiku
23%
Maroc Brest Achraf Dari
21%
Sénégal Rennes Alfred Gomis
19%
Cameroun Rennes Christopher Wooh
18%
Canada Troyes Iké Ugbo
17%
Cameroun Marseille Simon Ngapandouetnbu
17%
Ghana Clermont Alidu Seidu
15%
Ghana Auxerre Gideon Mensah
13%
Sénégal Monaco Ismail Jakobs
13%
Equateur Troyes Jackson Porozo
9%
Pologne Clermont Mateusz Wieteska
8%
Aucun quiz correspondant
Distribution des résultats
% des personnes avec chaque résultat
Percentile par nombre de réponses
Votre historique - résultats
Vous n’avez pas pris ce quiz